[Event "CARIFTA CHESS GAMES 2014 - UNDER 12"]
[Site "Schoelcher"]
[Date "2014.04.19"]
[Round "2.15"]
[White "Casimir, Sarah"]
[Black "Sandiford, Leigh"]
[Result "0-1"]
[WhiteElo "1009"]
[BlackElo "1009"]
[PlyCount "44"]
[EventDate "2014.??.??"]

1. e4 e5 2. Qh5 Nf6 3. Qf3 Bc5 4. Bc4 d6 5. d3 Ng4 6. g3 Bxf2+ 7. Kd1 O-O 8.
Bd2 Nc6 9. Nh3 Nf6 10. Bg5 Bg4 11. Be6 Bxf3+ 12. Kd2 Bxh1 13. Bc4 Qd7 14. Be3
Bxe3+ 15. Kxe3 Qxh3 16. Nc3 Ng4+ 17. Ke2 Qxh2+ 18. Ke1 Qg1+ 19. Kd2 Qe3+ 20.
Kd1 Bf3+ 21. Ne2 Qxe2+ 22. Kc1 Qd1# 0-1

[Event "CARIFTA CHESS GAMES 2014 - UNDER 12"]
[Site "Schoelcher"]
[Date "2014.04.19"]
[Round "2.16"]
[White "Severin, Noa"]
[Black "Clarke, Kishan"]
[Result "0-1"]
[WhiteElo "1009"]
[BlackElo "1009"]
[PlyCount "36"]
[EventDate "2014.??.??"]

1. e4 e5 2. Qf3 Nf6 3. Be2 Nc6 4. Qg3 Bc5 5. Bh5 Nxh5 6. Qf3 Nf6 7. Nh3 d6 8.
O-O Bxh3 9. gxh3 O-O 10. d3 h6 11. Qd1 Bd4 12. Bd2 Bxb2 13. Nc3 Bxa1 14. Qxa1
Qd7 15. Be3 Qxh3 16. Bg5 Nd4 17. Be3 Nf3+ 18. Kh1 Qxh2# 0-1

[Event "CARIFTA CHESS GAMES 2014 - UNDER 12"]
[Site "Schoelcher"]
[Date "2014.04.19"]
[Round "2.17"]
[White "Clarke, Nishani"]
[Black "Udino, Aubin"]
[Result "0-1"]
[WhiteElo "1009"]
[BlackElo "1009"]
[PlyCount "52"]
[EventDate "2014.??.??"]

1. e4 e5 2. Nf3 Nc6 3. Bc4 Nf6 4. Nc3 Bc5 5. O-O O-O 6. d3 d6 7. h3 h6 8. Be3
Bxe3 9. fxe3 Nh5 10. Rf2 Qf6 11. Nd5 Qg6 12. Ne7+ Nxe7 13. Nh4 Qg5 14. Qf3 Be6
15. Bd5 Qxh4 16. Bxe6 fxe6 17. Qe2 Rf6 18. Raf1 Raf8 19. Rxf6 Rxf6 20. Rxf6
Qxf6 21. Qxh5 d5 22. exd5 Nxd5 23. Qe8+ Kh7 24. e4 Ne3 25. c3 Qf1+ 26. Kh2
Qxg2# 0-1

[Event "CARIFTA CHESS GAMES 2014 - UNDER 12"]
[Site "Schoelcher"]
[Date "2014.04.19"]
[Round "3.1"]
[White "Sandiford, Kyle"]
[Black "Cliryx, Ilian"]
[Result "0-1"]
[WhiteElo "1486"]
[BlackElo "1099"]
[PlyCount "118"]
[EventDate "2014.??.??"]

1. e4 e5 2. Nf3 Nc6 3. Bc4 h6 4. d3 Nf6 5. Nc3 Bb4 6. O-O Bxc3 7. bxc3 d5 8.
exd5 Nxd5 9. Bxd5 Qxd5 10. d4 e4 11. Re1 O-O 12. Nd2 Re8 13. c4 Qxd4 14. Nb3
Qxd1 15. Rxd1 Bg4 16. Re1 Rad8 17. Nc5 Rd4 18. Nxb7 Rxc4 19. Bf4 Re7 20. h3 Bf5
21. g4 Bg6 22. Rac1 Nd4 23. Red1 Ne2+ 24. Kf1 Nxc1 25. Rxc1 c6 26. Na5 Ra4 27.
Nxc6 Re6 28. Ne5 Rxa2 29. h4 e3 30. Nxg6 fxg6 31. Bxe3 Re4 32. c4 Rxg4 33. c5
Rxh4 34. c6 Rh1+ 35. Kg2 Rxc1 36. Bxc1 Rc2 37. Be3 Rxc6 38. Bxa7 Rf6 39. Bd4
Rf4 40. Be3 Rg4+ 41. Kh3 h5 42. Bd2 Kf7 43. Be3 Kf6 44. Bc5 g5 45. Be3 Re4 46.
Kg3 Rxe3+ 47. fxe3 Kf5 48. Kf3 h4 49. e4+ Ke5 50. Ke3 h3 51. Kf3 g4+ 52. Kg3
Kxe4 53. Kf2 Kf4 54. Kg1 Kg3 55. Kh1 Kf2 56. Kh2 g3+ 57. Kh1 g2+ 58. Kh2 g1=Q+
59. Kxh3 Qg3# 0-1

[Event "CARIFTA CHESS GAMES 2014 - UNDER 12"]
[Site "Schoelcher"]
[Date "2014.04.19"]
[Round "3.2"]
[White "Clarke, Adani"]
[Black "Bance, Alexis"]
[Result "1-0"]
[WhiteElo "1099"]
[BlackElo "1370"]
[PlyCount "75"]
[EventDate "2014.??.??"]

1. d4 d5 2. c4 e6 3. Nc3 Nf6 4. Nf3 Bb4 5. e3 Ne4 6. Bd2 Nxd2 7. Qxd2 O-O 8. a3
Bxc3 9. Qxc3 Nc6 10. Bd3 Bd7 11. O-O Qf6 12. Qb3 dxc4 13. Bxc4 Rab8 14. Rad1 a6
15. e4 b5 16. Be2 Rbd8 17. e5 Qh6 18. Rfe1 f6 19. exf6 Rxf6 20. Qe3 Qg6 21. Nh4
Qh6 22. Nf3 Qg6 23. Qg5 Qxg5 24. Nxg5 Rg6 25. h4 Rh6 26. g3 Ne7 27. Bg4 Nf5 28.
d5 Nd6 29. dxe6 Be8 30. e7 Rb8 31. Be6+ Bf7 32. Bxf7+ Nxf7 33. Nxf7 Kxf7 34.
Rd8 Rxd8 35. exd8=Q Kg6 36. Re6+ Kf7 37. Qd7+ Kf8 38. Re8# 1-0

[Event "CARIFTA CHESS GAMES 2014 - UNDER 12"]
[Site "Schoelcher"]
[Date "2014.04.19"]
[Round "3.3"]
[White "Smith, Cm-Nathan"]
[Black "Huyghues-Beaufond, Christopher"]
[Result "1-0"]
[WhiteElo "1009"]
[BlackElo "1120"]
[PlyCount "123"]
[EventDate "2014.??.??"]

1. e4 e5 2. Nf3 Nc6 3. Nc3 Bc5 4. Bc4 d6 5. d3 Qf6 6. Bg5 Qg6 7. O-O Nge7 8. h3
O-O 9. Qd2 Kh8 10. Nh4 Qh5 11. g4 Bxg4 12. hxg4 Qxg4+ 13. Ng2 f6 14. Be3 Nd4
15. Bxd4 Bxd4 16. Qe2 Qxe2 17. Nxe2 f5 18. Nxd4 exd4 19. f3 c6 20. Rae1 Rae8
21. Nf4 g5 22. Ne6 Rf6 23. Nxd4 fxe4 24. dxe4 h5 25. Ne6 d5 26. exd5 cxd5 27.
Bb5 Nc6 28. Nxg5 Rxe1 29. Rxe1 Nd4 30. Bd3 Nxf3+ 31. Nxf3 Rxf3 32. Re5 h4 33.
Rh5+ Kg7 34. Rxh4 Rg3+ 35. Kf2 Rg5 36. Rh7+ Kg8 37. Rxb7 a5 38. Rb6 Kg7 39.
Rg6+ Rxg6 40. Bxg6 Kxg6 41. Ke3 Kf6 42. Kd4 Ke6 43. c4 dxc4 44. Kxc4 Kd6 45.
Kb5 Kd5 46. Kxa5 Kc5 47. b4+ Kc6 48. Ka6 Kc7 49. Ka7 Kc6 50. a4 Kc7 51. b5 Kc8
52. b6 Kd7 53. b7 Kc6 54. b8=Q Kc5 55. Qf4 Kd5 56. Kb6 Ke6 57. Qg5 Kd6 58. Qf5
Ke7 59. Kc7 Ke8 60. Qh7 Kf8 61. Kd6 Ke8 62. Qe7# 1-0

[Event "CARIFTA CHESS GAMES 2014 - UNDER 12"]
[Site "Schoelcher"]
[Date "2014.04.19"]
[Round "3.4"]
[White "Anselin, Djavan"]
[Black "Yearwood, Cm-Sean"]
[Result "0-1"]
[WhiteElo "1099"]
[BlackElo "1099"]
[PlyCount "74"]
[EventDate "2014.??.??"]

1. e4 c5 2. d4 cxd4 3. Qxd4 Nc6 4. Qd1 d6 5. Bb5 a6 6. Bxc6+ bxc6 7. Nf3 Nf6 8.
Nc3 e6 9. O-O Be7 10. Bg5 O-O 11. e5 Nd5 12. exd6 Bxg5 13. Nxg5 Qxg5 14. Nxd5
exd5 15. Qe2 Bd7 16. Qe7 Qxe7 17. dxe7 Rfe8 18. Rae1 Be6 19. b3 Rxe7 20. c4
dxc4 21. bxc4 Rae8 22. Re2 Bxc4 23. Rxe7 Rxe7 24. Rc1 h6 25. h3 Bd5 26. g3 c5
27. Rd1 Bxa2 28. Rd8+ Kh7 29. g4 c4 30. Ra8 Re1+ 31. Kg2 c3 32. Rxa6 c2 33. Rc6
Bd5+ 34. f3 Bxc6 35. Kg3 c1=Q 36. Kh4 Rg1 37. Kh5 Qg5# 0-1

[Event "CARIFTA CHESS GAMES 2014 - UNDER 12"]
[Site "Schoelcher"]
[Date "2014.04.19"]
[Round "3.5"]
[White "Inkim, Mathew"]
[Black "Meynard, Cedrick"]
[Result "1-0"]
[WhiteElo "1099"]
[BlackElo "1099"]
[PlyCount "133"]
[EventDate "2014.??.??"]

1. e4 e5 2. Nf3 Nc6 3. Bc4 Nf6 4. Ng5 d5 5. exd5 Nxd5 6. Qf3 Be6 7. Nxe6 fxe6
8. Nc3 Qd7 9. Nxd5 exd5 10. Bxd5 O-O-O 11. Be4 Kb8 12. O-O Nd4 13. Qe3 Bc5 14.
Rb1 Ne6 15. Qb3 c6 16. Qc3 Bd4 17. Qb3 h6 18. c3 Bb6 19. d3 Rhf8 20. Be3 Nc5
21. Bxc5 Bxc5 22. Rbd1 Bb6 23. Rd2 Qe7 24. Rfd1 Qh4 25. g3 Qg4 26. Qc2 Rf7 27.
d4 exd4 28. cxd4 Rdf8 29. Qd3 a6 30. Kg2 Qd7 31. Qb3 Ba5 32. Rc2 Qe7 33. Bxc6
g5 34. Bd5 Rf6 35. Re2 Qd7 36. Rc1 Rb6 37. Qc4 Rc8 38. Qxc8+ Qxc8 39. Rxc8+
Kxc8 40. f4 gxf4 41. gxf4 Rg6+ 42. Kf3 Kc7 43. f5 Rf6 44. Kf4 Kd6 45. Re6+ Rxe6
46. Bxe6 Bd8 47. Ke4 Bf6 48. Bc8 Kc7 49. Be6 Kd6 50. Bd5 b6 51. b4 a5 52. bxa5
bxa5 53. Bf7 a4 54. a3 Bg7 55. Be8 Kc7 56. Bxa4 Bf8 57. f6 Bxa3 58. f7 Be7 59.
Kf5 h5 60. h4 Kd6 61. Bd1 Bf8 62. Bxh5 Ke7 63. Ke5 Bg7+ 64. Kf5 Bxd4 65. Kg6
Bh8 66. Kh7 Kf8 67. Kxh8 1-0

[Event "CARIFTA CHESS GAMES 2014 - UNDER 12"]
[Site "Schoelcher"]
[Date "2014.04.19"]
[Round "3.6"]
[White "Nomel, Mathis"]
[Black "Coat, Gabriel"]
[Result "1-0"]
[WhiteElo "1180"]
[BlackElo "1009"]
[PlyCount "70"]
[EventDate "2014.??.??"]

1. e4 e5 2. Bc4 Nf6 3. d3 h6 4. Nf3 Nc6 5. h3 Bc5 6. Nc3 d6 7. Na4 b6 8. Nxc5
bxc5 9. Bb5 Bd7 10. Bxc6 Bxc6 11. Qd2 a5 12. c3 d5 13. Nxe5 Qd6 14. Nxc6 Qxc6
15. f3 dxe4 16. fxe4 Rd8 17. Qe3 O-O 18. O-O Rfe8 19. e5 Nd5 20. Qf3 Rf8 21.
Qg3 Rde8 22. Qf3 Rxe5 23. c4 Ne7 24. Qxc6 Nxc6 25. Bf4 Rf5 26. g4 Rf6 27. Bxc7
Rxf1+ 28. Rxf1 Re8 29. Rf5 Nd4 30. Rxc5 Ne6 31. Rc6 a4 32. a3 Nd4 33. Rc5 Nf3+
34. Kg2 Ne1+ 35. Kf1 Nxd3 1-0

[Event "CARIFTA CHESS GAMES 2014 - UNDER 12"]
[Site "Schoelcher"]
[Date "2014.04.19"]
[Round "3.7"]
[White "Clarke, Kishan"]
[Black "Rapier, Alexandre"]
[Result "1-0"]
[WhiteElo "1009"]
[BlackElo "1099"]
[PlyCount "80"]
[EventDate "2014.??.??"]

1. e4 e5 2. Nf3 Nc6 3. Bc4 Nf6 4. Ng5 Bc5 5. Nxf7 Qe7 6. Nxh8 d6 7. h3 Be6 8.
Bxe6 Qxe6 9. Nc3 Qg8 10. Nb5 O-O-O 11. O-O Qxh8 12. d3 Qf8 13. Be3 Bb4 14. a3
Bc5 15. Bxc5 dxc5 16. Nc3 c4 17. f4 Re8 18. fxe5 Rxe5 19. dxc4 Qc5+ 20. Rf2 Rg5
21. b4 Qe7 22. Rf5 Rg6 23. Nb5 Qxe4 24. Rf2 Rg5 25. Qe1 Qxc4 26. Rxf6 gxf6 27.
Qe8+ Nd8 28. Nxa7+ Kb8 29. Qxd8+ Kxa7 30. Qxf6 Qd5 31. g4 Rg6 32. Qc3 Rg7 33.
Qxg7 Qd2 34. Qxc7 Qd4+ 35. Kf1 Qxa1+ 36. Ke2 Qxa3 37. Qc5+ Kb8 38. Qe5+ Ka7 39.
b5 Qxh3 40. b6+ Ka8 1-0

[Event "CARIFTA CHESS GAMES 2014 - UNDER 12"]
[Site "Schoelcher"]
[Date "2014.04.19"]
[Round "3.8"]
[White "Hoogendam, Tijn"]
[Black "Rapier, Marc-Antoine"]
[Result "1-0"]
[WhiteElo "1009"]
[BlackElo "1099"]
[PlyCount "49"]
[EventDate "2014.??.??"]

1. e4 e5 2. Nf3 Nc6 3. Bc4 Nf6 4. Nc3 Bc5 5. O-O d6 6. d3 Bg4 7. h3 Bxh3 8.
gxh3 Qd7 9. Ng5 h6 10. Qf3 O-O-O 11. Nxf7 Nd4 12. Qg3 Nh5 13. Qg4 Qxg4+ 14.
hxg4 Nf3+ 15. Kh1 Rhf8 16. Nxd8 Ng3+ 17. fxg3 Kxd8 18. Nd5 h5 19. gxh5 Rh8 20.
g4 Nh4 21. Kh2 g6 22. Kg3 g5 23. Bxg5+ Ke8 24. Kxh4 Rh7 25. Nf6+ 1-0

[Event "CARIFTA CHESS GAMES 2014 - UNDER 12"]
[Site "Schoelcher"]
[Date "2014.04.19"]
[Round "3.9"]
[White "Thorpe, Jaleel"]
[Black "Mossi, Benoit"]
[Result "1-0"]
[WhiteElo "1099"]
[BlackElo "1009"]
[PlyCount "51"]
[EventDate "2014.??.??"]

1. d4 d5 2. c4 Nf6 3. cxd5 Nxd5 4. e4 Nf6 5. Bb5+ Nc6 6. Nc3 Bd7 7. Nf3 a6 8.
Bxc6 Bxc6 9. Qc2 e6 10. Bg5 h6 11. Bxf6 gxf6 12. O-O Qd6 13. Rfe1 Qf4 14. d5
Rg8 15. Ne2 Qxf3 16. Ng3 Bd6 17. dxc6 bxc6 18. Qxc6+ Ke7 19. gxf3 Raf8 20. Qxa6
f5 21. exf5 Kf6 22. fxe6 fxe6 23. Kf1 Bb4 24. Rxe6+ Kg5 25. Qb5+ Kh4 26. Rxh6#
1-0

[Event "CARIFTA CHESS GAMES 2014 - UNDER 12"]
[Site "Schoelcher"]
[Date "2014.04.19"]
[Round "3.10"]
[White "Sebastien, Sunny"]
[Black "Rubinel, Alexis"]
[Result "0-1"]
[WhiteElo "1060"]
[BlackElo "1009"]
[PlyCount "106"]
[EventDate "2014.??.??"]

1. e4 e5 2. Nf3 Nc6 3. Nc3 Nf6 4. Bc4 Bc5 5. Ng5 d5 6. exd5 Bg4 7. f3 h6 8.
dxc6 hxg5 9. cxb7 Rb8 10. Na4 Bd6 11. fxg4 Rxb7 12. g3 Qd7 13. c3 Nxg4 14. Be2
Nf6 15. b4 g4 16. Nc5 Bxc5 17. bxc5 Qc6 18. Rf1 Rxh2 19. d4 exd4 20. cxd4 Ne4
21. Rf4 Rh1+ 22. Rf1 Nc3 23. Qd3 Rxf1+ 24. Bxf1 Qe6+ 25. Be2 Nd5 26. Qa6 Nc3
27. Qd3 Ne4 28. d5 Qe5 29. Rb1 Rxb1 30. Qxb1 Qxg3+ 31. Kd1 Nc3+ 32. Kc2 Nxb1
33. Kxb1 Qf2 34. Bxg4 Qxc5 35. Bf3 Qb5+ 36. Bb2 Qf1+ 37. Kc2 Qxf3 38. Bxg7 Qg2+
39. Kd1 Qxg7 40. a4 Qd4+ 41. Kc2 Qxa4+ 42. Kc3 Qa5+ 43. Kc4 f5 44. Kd4 Qe1 45.
Kc5 f4 46. Kc6 f3 47. Kxc7 f2 48. d6 f1=Q 49. d7+ Kf7 50. d8=Q Qe7+ 51. Qxe7+
Kxe7 52. Kb7 Qf2 53. Ka6 Qb6# 0-1

[Event "CARIFTA CHESS GAMES 2014 - UNDER 12"]
[Site "Schoelcher"]
[Date "2014.04.19"]
[Round "3.11"]
[White "Mack, Christian"]
[Black "Sorrente, Layana"]
[Result "0-1"]
[WhiteElo "1009"]
[BlackElo "1060"]
[PlyCount "88"]
[EventDate "2014.??.??"]

1. e4 e5 2. Bc4 Nf6 3. Nc3 Bc5 4. Nf3 Nc6 5. d3 d6 6. h3 Nd4 7. Ng5 Rf8 8. Ne6
Bxe6 9. Bg5 Qd7 10. Bxf6 gxf6 11. Nd5 Kd8 12. a4 Rb8 13. Bb5 c6 14. Qc1 Rg8 15.
Qh6 Re8 16. Nxf6 Nxc2+ 17. Kf1 Qe7 18. Rc1 Nd4 19. Re1 cxb5 20. Re3 Rc8 21. Rg3
Kc7 22. axb5 Rf8 23. Kg1 Ne2+ 24. Kh2 Nxg3 25. fxg3 a6 26. bxa6 bxa6 27. Ra1
Ra8 28. Rb1 Ba2 29. Rc1 Qe6 30. b4 Qb3 31. bxc5 Qb2 32. Nd5+ Bxd5 33. Qxd6+ Kb7
34. exd5 Qxc1 35. c6+ Kb6 36. Qc7+ Kxc7 37. g4 Rab8 38. Kg3 Qg5 39. Kf2 Rb2+
40. Kg3 f5 41. Kh2 f4 42. Kh1 Qh4 43. Kg1 f3 44. gxf3 Qe1# 0-1

[Event "CARIFTA CHESS GAMES 2014 - UNDER 12"]
[Site "Schoelcher"]
[Date "2014.04.19"]
[Round "3.12"]
[White "Sandiford, Leigh"]
[Black "Sorrente, Yohann"]
[Result "1-0"]
[WhiteElo "1009"]
[BlackElo "1060"]
[PlyCount "41"]
[EventDate "2014.??.??"]

1. e4 e5 2. Bc4 Bc5 3. Nf3 Bb6 4. Nxe5 Qh4 5. Bxf7+ Kd8 6. O-O Nh6 7. d3 d6 8.
Qh5 Bxf2+ 9. Rxf2 Qe7 10. Bxh6 dxe5 11. Bxg7 Nc6 12. Bxh8 Nd4 13. Qxh7 Nxc2 14.
Rxc2 c5 15. Qg8+ Kd7 16. Be6+ Kd6 17. Bxc8 c4 18. Qd5+ Kc7 19. Rxc4+ Kb6 20.
Nc3 Qh4 21. Qb5# 1-0

[Event "CARIFTA CHESS GAMES 2014 - UNDER 12"]
[Site "Schoelcher"]
[Date "2014.04.19"]
[Round "3.13"]
[White "Udino, Aubin"]
[Black "Berdix, Andrew"]
[Result "1-0"]
[WhiteElo "1009"]
[BlackElo "1050"]
[PlyCount "63"]
[EventDate "2014.??.??"]

1. d4 d5 2. Nc3 Nc6 3. Nf3 Nf6 4. Bf4 Nh5 5. Qd2 g5 6. Bxg5 Bd7 7. O-O-O a5 8.
Bf4 Qb8 9. Nb5 Ra6 10. Nxc7+ Kd8 11. Ne6+ fxe6 12. Bxb8 Nxb8 13. Qg5 Rb6 14.
Qxh5 Rb4 15. Qg5 Ra4 16. a3 Na6 17. Ne5 Bb5 18. Nf7+ Ke8 19. Nxh8 Nb4 20. Qh5+
Kd7 21. Kb1 Bc4 22. e3 Ba2+ 23. Kc1 Bg7 24. Bb5+ Kc7 25. Bxa4 Bxh8 26. Qxh7 Bf6
27. Rhe1 Bg5 28. Qh5 Bf6 29. axb4 axb4 30. e4 Kd6 31. e5+ Bxe5 32. Qxe5# 1-0

[Event "CARIFTA CHESS GAMES 2014 - UNDER 12"]
[Site "Schoelcher"]
[Date "2014.04.19"]
[Round "3.14"]
[White "Coppet, Clemence"]
[Black "Brieu, Levy"]
[Result "0-1"]
[WhiteElo "1009"]
[BlackElo "1099"]
[PlyCount "26"]
[EventDate "2014.??.??"]

1. e4 e5 2. Nf3 Nc6 3. Bb5 Nf6 4. O-O Bc5 5. Nc3 O-O 6. b3 d6 7. Bb2 Bg4 8. d3
Nd4 9. Ng5 Bxd1 10. Raxd1 Ng4 11. Ne6 Nxe6 12. Nd5 Qh4 13. d4 Qxh2# 0-1

[Event "CARIFTA CHESS GAMES 2014 - UNDER 12"]
[Site "Schoelcher"]
[Date "2014.04.19"]
[Round "3.15"]
[White "Taye, Melvin"]
[Black "Severin, Noa"]
[Result "1-0"]
[WhiteElo "1010"]
[BlackElo "1009"]
[PlyCount "79"]
[EventDate "2014.??.??"]

1. e4 e5 2. Bc4 Bc5 3. Qf3 Nf6 4. Nc3 O-O 5. Nd5 d6 6. Nxf6+ gxf6 7. Qg3+ Kh8
8. d3 Rg8 9. Qh4 Rxg2 10. d4 Bb4+ 11. c3 Ba5 12. d5 Bd7 13. Nf3 Rg8 14. Nxe5
fxe5 15. b4 Bb6 16. Qh6 Rg7 17. Be2 Rg6 18. Qh5 Qf6 19. Qf3 Bf5 20. exf5 Qd8
21. fxg6 fxg6 22. O-O c6 23. Bg5 Qxg5+ 24. Kh1 Nd7 25. dxc6 bxc6 26. b5 Ba5 27.
bxc6 Nb6 28. c7 Rc8 29. Qb7 Rd8 30. cxd8=B Qxd8 31. c4 Kg8 32. Qxa7 Kh8 33.
Qxa5 Kg8 34. Qa7 Kh8 35. f4 Kg8 36. fxe5 dxe5 37. Qf7+ Kh8 38. Rad1 Qa8+ 39.
Bf3 Qa5 40. Qf8# 1-0

[Event "CARIFTA CHESS GAMES 2014 - UNDER 12"]
[Site "Schoelcher"]
[Date "2014.04.19"]
[Round "3.16"]
[White "Daney De Marcillac, Pierre-Francois"]
[Black "Casimir, Sarah"]
[Result "1-0"]
[WhiteElo "1009"]
[BlackElo "1009"]
[PlyCount "47"]
[EventDate "2014.??.??"]

1. e4 e5 2. Bc4 Bc5 3. Nf3 Qf6 4. Nc3 Na6 5. Qe2 Nb8 6. g4 d6 7. g5 Qf4 8. d3
Qg4 9. Rg1 Qh3 10. Rg3 Qd7 11. Bb5 c6 12. Bc4 Qd8 13. g6 f6 14. gxh7 Rxh7 15.
Bxg8 Rh8 16. Bc4 f5 17. exf5 Bxf5 18. Ng5 Bg6 19. Nf7 Bxf7 20. Bxf7+ Kxf7 21.
Qf3+ Ke8 22. Qf5 Rxh2 23. Rf3 Na6 24. Qf7# 1-0

[Event "CARIFTA CHESS GAMES 2014 - UNDER 12"]
[Site "Schoelcher"]
[Date "2014.04.19"]
[Round "3.17"]
[White "Drieux, Nilsen"]
[Black "Clarke, Nishani"]
[Result "0-1"]
[WhiteElo "1009"]
[BlackElo "1009"]
[PlyCount "56"]
[EventDate "2014.??.??"]

1. d4 d5 2. f4 Nc6 3. Be3 Nf6 4. g3 Bf5 5. Na3 e6 6. Nf3 Bb4+ 7. Kf2 O-O 8. g4
Be4 9. g5 Ng4+ 10. Kg3 Nxe3 11. Qc1 Nf5+ 12. Kh3 Qd6 13. c3 Ba5 14. b4 Bb6 15.
Nb5 Qd7 16. Ne5 Nxe5 17. dxe5 Qxb5 18. c4 Qa4 19. e3 Bxh1 20. Bg2 Bxg2+ 21.
Kxg2 Nh4+ 22. Kh3 Nf5 23. a3 Qb3 24. Qd2 Nxe3 25. cxd5 Nc4+ 26. Kh4 Nxd2 27.
Rd1 Bf2+ 28. Kg4 Qf3# 0-1

[Event "CARIFTA CHESS GAMES 2014 - UNDER 12"]
[Site "Schoelcher"]
[Date "2014.04.19"]
[Round "4.1"]
[White "Cliryx, Ilian"]
[Black "Smith, Cm-Nathan"]
[Result "0-1"]
[WhiteElo "1099"]
[BlackElo "1009"]
[PlyCount "100"]
[EventDate "2014.??.??"]

1. e4 e5 2. Nf3 Nc6 3. Bb5 Bc5 4. Bxc6 dxc6 5. Nxe5 Qd4 6. Nd3 Qxe4+ 7. Qe2
Qxe2+ 8. Kxe2 Bb6 9. Re1 Be6 10. Kf1 O-O-O 11. b3 Nf6 12. Nc3 Bf5 13. Ne5 Rhf8
14. Ba3 Rfe8 15. Nxf7 Rxe1+ 16. Rxe1 Rxd2 17. Re2 Rxe2 18. Nxe2 Bxc2 19. Bb2
Ng4 20. Be5 Nxe5 21. Nxe5 Kd8 22. Nf4 Ke7 23. g4 Bc5 24. h4 Bd6 25. Ned3 h6 26.
Ne1 Bxf4 27. Nxc2 Kd6 28. Nd4 g6 29. h5 gxh5 30. gxh5 Ke5 31. Nf3+ Kf5 32. Nh4+
Kg5 33. Ng6 Bd6 34. Kg2 Kxh5 35. Nh8 Kg5 36. Nf7+ Kg6 37. Nh8+ Kg7 38. Kh3 Kxh8
39. Kg4 Kg7 40. f4 Kf6 41. f5 h5+ 42. Kxh5 Kxf5 43. a4 Ke4 44. Kg6 Kd4 45. Kf6
Kc3 46. b4 Kxb4 47. Kf5 Kxa4 48. Ke4 b5 49. Kd3 Ka3 50. Kc2 Ka2 0-1

[Event "CARIFTA CHESS GAMES 2014 - UNDER 12"]
[Site "Schoelcher"]
[Date "2014.04.19"]
[Round "4.2"]
[White "Yearwood, Cm-Sean"]
[Black "Inkim, Mathew"]
[Result "1-0"]
[WhiteElo "1099"]
[BlackElo "1099"]
[PlyCount "73"]
[EventDate "2014.??.??"]

1. d4 Nf6 2. Nf3 d5 3. Bf4 Bf5 4. e3 Nc6 5. Nbd2 e6 6. c4 dxc4 7. Bxc4 Bd6 8.
Bg5 Be7 9. Bb5 a6 10. Ba4 O-O 11. O-O Bd3 12. Re1 Qd7 13. Ne5 Qd5 14. Bxc6 bxc6
15. Bxf6 Bxf6 16. Nxd3 Qb5 17. Qc2 Rfd8 18. Nc4 a5 19. a4 Qf5 20. Rac1 Be7 21.
Nce5 Bd6 22. Qxc6 f6 23. e4 Qh5 24. Nf4 Qh6 25. Nxe6 Rdc8 26. Ng4 Qh4 27. Qd5
Kh8 28. e5 Bb4 29. Re4 Rab8 30. Qd7 Rg8 31. Nxf6 gxf6 32. Rxh4 Rxg2+ 33. Kxg2
Rg8+ 34. Kh1 Be7 35. Qxe7 Rg1+ 36. Rxg1 fxe5 37. Qf8# 1-0

[Event "CARIFTA CHESS GAMES 2014 - UNDER 12"]
[Site "Schoelcher"]
[Date "2014.04.19"]
[Round "4.3"]
[White "Sandiford, Kyle"]
[Black "Clarke, Adani"]
[Result "1-0"]
[WhiteElo "1486"]
[BlackElo "1099"]
[PlyCount "117"]
[EventDate "2014.??.??"]

1. e4 e6 2. d4 d5 3. e5 c5 4. c3 Nc6 5. Nf3 Qb6 6. Be2 Nh6 7. O-O Nf5 8. Bd3
Nfe7 9. Re1 Ng6 10. Bxg6 hxg6 11. Qb3 Qxb3 12. axb3 f6 13. Be3 cxd4 14. Bxd4
Nxd4 15. cxd4 Bb4 16. Re2 Bd7 17. Nc3 a6 18. exf6 gxf6 19. Nxd5 Bd6 20. Nxf6+
Ke7 21. Nxd7 Kxd7 22. Ne5+ Bxe5 23. dxe5 Ke7 24. Rc1 Rhd8 25. g3 Rac8 26. Rxc8
Rxc8 27. Kf1 Rd8 28. Ke1 Rd5 29. f4 Rd3 30. Kf2 Rxb3 31. h4 Rb4 32. Kf3 a5 33.
Kg4 Kf7 34. Kg5 Rb3 35. g4 Rg3 36. Rc2 b5 37. Rc7+ Ke8 38. Ra7 a4 39. Rc7 b4
40. Rc2 Kf7 41. Rc7+ Ke8 42. Ra7 a3 43. bxa3 Rxa3 44. Rb7 b3 45. Kxg6 Kd8 46.
h5 Kc8 47. Rb4 Kc7 48. h6 Kc6 49. h7 Kc5 50. Rb8 Kc4 51. h8=Q Ra2 52. Qc8+ Kd4
53. Rb4+ Kd3 54. Rxb3+ Kd2 55. Qc3+ Ke2 56. Qe3+ Kd1 57. Rd3+ Kc2 58. Rd2+ Kb1
59. Qg1# 1-0

[Event "CARIFTA CHESS GAMES 2014 - UNDER 12"]
[Site "Schoelcher"]
[Date "2014.04.19"]
[Round "4.4"]
[White "Bance, Alexis"]
[Black "Clarke, Kishan"]
[Result "1-0"]
[WhiteElo "1370"]
[BlackElo "1009"]
[PlyCount "91"]
[EventDate "2014.??.??"]

1. d4 d5 2. c4 e5 3. dxe5 d4 4. Nf3 Bb4+ 5. Bd2 Nc6 6. Bxb4 Nxb4 7. Qa4+ Bd7 8.
Qxb4 a5 9. Qd2 Ne7 10. Nxd4 Bc6 11. Nxc6 Qxd2+ 12. Nxd2 Nxc6 13. Nf3 O-O 14. e4
Rad8 15. Be2 Rfe8 16. O-O Nxe5 17. Nxe5 Rxe5 18. Rad1 Rde8 19. f3 R8e6 20. Rd8+
Re8 21. Rxe8+ Rxe8 22. Rd1 h6 23. Rd4 c5 24. Rd5 b6 25. Bd3 Rb8 26. Rd6 f6 27.
f4 Kf8 28. e5 fxe5 29. fxe5 Ke7 30. Bf5 Rd8 31. Rxb6 Rd1+ 32. Kf2 Rd2+ 33. Kf3
g5 34. Rb7+ Ke8 35. e6 Rd6 36. Bg6+ Kd8 37. e7+ Kc8 38. Be4 Rd8 39. Bf5+ Kxb7
40. exd8=Q Kc6 41. Qd7+ Kb6 42. Qc8 Ka7 43. Be4 g4+ 44. Kxg4 h5+ 45. Kg5 a4 46.
Qb7# 1-0

[Event "CARIFTA CHESS GAMES 2014 - UNDER 12"]
[Site "Schoelcher"]
[Date "2014.04.19"]
[Round "4.5"]
[White "Sorrente, Layana"]
[Black "Nomel, Mathis"]
[Result "1-0"]
[WhiteElo "1060"]
[BlackElo "1180"]
[PlyCount "137"]
[EventDate "2014.??.??"]

1. e4 e5 2. Nf3 d6 3. Nc3 Nf6 4. Bb5+ Bd7 5. Bc4 c6 6. O-O Bg4 7. Be2 d5 8.
exd5 cxd5 9. Nxe5 Be6 10. Bb5+ Nbd7 11. Qe1 a6 12. Ba4 b5 13. Bb3 Bd6 14. Nc6
Qc7 15. Nd4 Nc5 16. Nf5 Bf8 17. Bxd5 Ng4 18. Bc6+ Kd8 19. Ng3 Qxc6 20. d4 Na4
21. Bg5+ Be7 22. d5 Qd7 23. dxe6 fxe6 24. Rd1 Qxd1 25. Qxd1+ Ke8 26. Nce4 Nxb2
27. Qd4 Bxg5 28. Nxg5 Nf6 29. Qxb2 Ke7 30. Re1 h6 31. N5e4 Rhf8 32. Qd4 Rad8
33. Qc5+ Kf7 34. Qc7+ Nd7 35. Qf4+ Kg8 36. Qg4 Nf6 37. Qxe6+ Rf7 38. Nd6 Rdf8
39. Nxf7 Rxf7 40. Qc8+ Rf8 41. Qe6+ Rf7 42. Qc8+ Rf8 43. Qxa6 Kf7 44. Qb7+ Kg8
45. Qxb5 Kh8 46. Qc5 Nd7 47. Qe7 g6 48. Qxd7 Kg8 49. Qe6+ Kg7 50. Qe7+ Rf7 51.
Qe5+ Kg8 52. Qe8+ Rf8 53. Qc6 Kg7 54. Re7+ Rf7 55. Qc3+ Kf8 56. Rxf7+ Kxf7 57.
Ne4 Kg8 58. Nf6+ Kf7 59. a4 g5 60. a5 Kg6 61. a6 h5 62. a7 Kf5 63. a8=Q g4 64.
Qe4+ Kg5 65. g3 h4 66. Qee5+ Kg6 67. Qh5+ Kg7 68. Nd7+ Kg8 69. Qch8# 1-0

[Event "CARIFTA CHESS GAMES 2014 - UNDER 12"]
[Site "Schoelcher"]
[Date "2014.04.19"]
[Round "4.6"]
[White "Huyghues-Beaufond, Christopher"]
[Black "Hoogendam, Tijn"]
[Result "1-0"]
[WhiteElo "1120"]
[BlackElo "1009"]
[PlyCount "67"]
[EventDate "2014.??.??"]

1. e4 e5 2. d4 exd4 3. Qxd4 Nc6 4. Qd1 Nf6 5. Nc3 Bc5 6. Bg5 h6 7. Bh4 O-O 8.
Nd5 Be7 9. Nxe7+ Qxe7 10. Qe2 Qb4+ 11. c3 Qb5 12. Qxb5 Nxe4 13. Qd3 Re8 14. Be2
d6 15. f3 Nc5 16. Qc2 b6 17. O-O-O Bb7 18. Bb5 Rad8 19. Ne2 a6 20. Bxc6 Bxc6
21. Bxd8 Rxd8 22. g4 Ba4 23. b3 Bc6 24. Rhf1 Re8 25. f4 Bb5 26. c4 Bc6 27. Nd4
Be4 28. Qe2 Bd3 29. Qxe8+ Kh7 30. Rxd3 Nxd3+ 31. Kd2 Nc5 32. Qxf7 c6 33. Ne6
Nxe6 34. Qxe6 1-0

[Event "CARIFTA CHESS GAMES 2014 - UNDER 12"]
[Site "Schoelcher"]
[Date "2014.04.19"]
[Round "4.7"]
[White "Rubinel, Alexis"]
[Black "Anselin, Djavan"]
[Result "1-0"]
[WhiteElo "1009"]
[BlackElo "1099"]
[PlyCount "109"]
[EventDate "2014.??.??"]

1. e4 e5 2. Nf3 Nc6 3. Bc4 Nf6 4. Nc3 Bb4 5. d3 O-O 6. O-O d6 7. a3 Bxc3 8.
bxc3 d5 9. exd5 Nxd5 10. Bg5 Qd7 11. h3 Nxc3 12. Qe1 Nd5 13. Qe4 Nf6 14. Bxf6
gxf6 15. Qh4 Qe7 16. d4 Nxd4 17. Bd3 f5 18. Qxe7 e4 19. Nxd4 exd3 20. Qg5+ Kh8
21. Nxf5 Bxf5 22. Qxf5 dxc2 23. Rfe1 Rfe8 24. Rxe8+ Rxe8 25. Qxc2 Re7 26. Qc3+
Kg8 27. Rb1 b6 28. Rd1 h6 29. Qf6 Re8 30. Qxh6 c5 31. Rd3 f6 32. Rg3+ Kf7 33.
Qg7+ Ke6 34. Re3+ Kd5 35. Rxe8 a5 36. Rd8+ Kc4 37. Qxf6 b5 38. Rd1 b4 39. axb4
cxb4 40. Qd4+ Kb3 41. Rb1+ Kc2 42. Qb2+ Kd3 43. Re1 Kc4 44. Re4+ Kb5 45. Qe5+
Ka4 46. g4 Kb3 47. Qxa5 Kc3 48. Qxb4+ Kd3 49. Re3+ Kc2 50. Qb3+ Kd2 51. Qa2+
Kd1 52. Rd3+ Kc1 53. Qd2+ Kb1 54. Re3 Ka1 55. Re1# 1-0